000 00686nam a22002057a 4500
005 20161213101145.0
010 _aENG-116781
020 _a9788179756973
_c750.00
035 _aEN-100313
037 _bDBAD/PUB
082 _a630.076
100 _aRao K. Shivarama
245 _aAgriculture knowledge transfer :
_cby Shivarama Rao K. [and] I.V. Malhan
_ba study prevailing knowledge transfer models /
260 _aNew Delhi
_bAnamika Publishers & Distributors
_c2015
270 _a4697/3, 21-A, Ansari Road, Daryaganj
_bNew Delhi
_e110002
300 _a228p.
_c22cm(Hb)
500 _aIncludes index
700 _a Malhan, I.V.
942 _2ddc
_cEN
_mRAO
_h630.076
999 _c105047
_d105047